000 00396nam a2200109Ia 4500
008 171204s9999 xx 000 0 und d
245 _aSerious Games: Second Joint International Conference:
245 _cJannicke Baalsrud Hauge, Manuel Fradinho Oliveira, Minhua Ma, and Tim Marsh
260 _c2016
650 _xGAME DESIGN AND PRODUCTION
856 _uhttp://down.ebook777.com/057/331945840X.pdf
999 _c346310
_d346310